<?xml version="1.0" encoding="UTF-8"?><?xml-stylesheet type="text/xsl" href="static/style.xsl"?><OAI-PMH xmlns="http://www.openarchives.org/OAI/2.0/" xmlns:xsi="http://www.w3.org/2001/XMLSchema-instance" xsi:schemaLocation="http://www.openarchives.org/OAI/2.0/ http://www.openarchives.org/OAI/2.0/OAI-PMH.xsd"><responseDate>2026-04-17T07:13:35Z</responseDate><request verb="GetRecord" identifier="oai:riubu.ubu.es:10259/7963" metadataPrefix="marc">https://riubu.ubu.es/oai/request</request><GetRecord><record><header><identifier>oai:riubu.ubu.es:10259/7963</identifier><datestamp>2023-11-09T01:05:38Z</datestamp><setSpec>com_10259_6475</setSpec><setSpec>com_10259_5086</setSpec><setSpec>com_10259_2604</setSpec><setSpec>col_10259_7957</setSpec></header><metadata><record xmlns="http://www.loc.gov/MARC21/slim" xmlns:doc="http://www.lyncode.com/xoai" xmlns:xsi="http://www.w3.org/2001/XMLSchema-instance" xmlns:dcterms="http://purl.org/dc/terms/" xsi:schemaLocation="http://www.loc.gov/MARC21/slim http://www.loc.gov/standards/marcxml/schema/MARC21slim.xsd">
<leader>00925njm 22002777a 4500</leader>
<datafield tag="042" ind1=" " ind2=" ">
<subfield code="a">dc</subfield>
</datafield>
<datafield tag="720" ind1=" " ind2=" ">
<subfield code="a">Rodríguez Cachón, Teresa</subfield>
<subfield code="e">author</subfield>
</datafield>
<datafield tag="260" ind1=" " ind2=" ">
<subfield code="c">2018-03</subfield>
</datafield>
<datafield tag="520" ind1=" " ind2=" ">
<subfield code="a">El actual énfasis de las instituciones comunitarias en resaltar la necesidad de equilibrar las relaciones contractuales entre los operadores pertenecientes a la cadena alimentaria ha cristalizado en España principalmente en la Ley 12/2013, de 2 de agosto, de medidas para mejorar el funcionamiento de la cadena alimentaria. Esta norma nace con el objetivo de aumentar la eficacia y la competitividad del&#xd;
sector alimentario, al tiempo que trata de mejorar su vertebración en beneficio tanto de los consumidores como de todos operadores que en él intervienen. El objetivo del presente trabajo descansa en el análisis de la regulación de las relaciones contractuales en la cadena alimentaria sujetas a la citada Ley, con especial énfasis en el estudio de los contratos alimentarios, las prácticas comerciales abusivas y las iniciativas de autorregulación.</subfield>
</datafield>
<datafield tag="520" ind1=" " ind2=" ">
<subfield code="a">The current strength of the European Union to raise awareness about the necessity of balance contractual relations between operators within the pale of food supply chain has taken shape in Spain principally with the Law 12/2013, of 2 August, measures to improve the functioning of the food supply chain. This Law was born with the aim of increasing the efficiency and competitiveness of the food sector, as well as trying to improve its structure for the benefit of both consumers and all operators involved. The objective of this paper is to analyze the regulation of contractual relations between food supply chain operators subject to this new regulation, with special emphasis on the study of food procurement contracts, unfair business practices and self-regulation initiatives.</subfield>
</datafield>
<datafield tag="024" ind2=" " ind1="8">
<subfield code="a">2341-2216</subfield>
</datafield>
<datafield tag="024" ind2=" " ind1="8">
<subfield code="a">http://hdl.handle.net/10259/7963</subfield>
</datafield>
<datafield ind1=" " ind2=" " tag="653">
<subfield code="a">Cadena alimentaria</subfield>
</datafield>
<datafield ind1=" " ind2=" " tag="653">
<subfield code="a">Relaciones contractuales</subfield>
</datafield>
<datafield ind1=" " ind2=" " tag="653">
<subfield code="a">Desequilibrios de poder de negociación</subfield>
</datafield>
<datafield ind1=" " ind2=" " tag="653">
<subfield code="a">Contrato alimentario</subfield>
</datafield>
<datafield ind1=" " ind2=" " tag="653">
<subfield code="a">Prácticas comerciales abusivas</subfield>
</datafield>
<datafield ind1=" " ind2=" " tag="653">
<subfield code="a">Autorregulación</subfield>
</datafield>
<datafield ind1=" " ind2=" " tag="653">
<subfield code="a">Food supply chain</subfield>
</datafield>
<datafield ind1=" " ind2=" " tag="653">
<subfield code="a">Contractual relations</subfield>
</datafield>
<datafield ind1=" " ind2=" " tag="653">
<subfield code="a">Bargaining power imbalances</subfield>
</datafield>
<datafield ind1=" " ind2=" " tag="653">
<subfield code="a">Food procurement contract</subfield>
</datafield>
<datafield ind1=" " ind2=" " tag="653">
<subfield code="a">Unfair business practices</subfield>
</datafield>
<datafield ind1=" " ind2=" " tag="653">
<subfield code="a">Self-regulation</subfield>
</datafield>
<datafield tag="245" ind1="0" ind2="0">
<subfield code="a">Relaciones contractuales en la cadena alimentaria: análisis a la luz de la nueva regulación</subfield>
</datafield>
</record></metadata></record></GetRecord></OAI-PMH>